|
|
|
|
| LEADER |
00000nab a2200000 ar4500 |
| 001 |
vtls009005954 |
| 003 |
SK-MaSNL |
| 005 |
20260303065717.0 |
| 008 |
070710c2007 xo sr|p|||||||000 b|slo |
| 015 |
|
|
|a SNBRB2007/07
|2 snkbucl
|
| 038 |
|
|
|a SNKBUCL
|
| 040 |
|
|
|a SNKBUCL
|b slo
|c SNKBUCL
|e AACR2
|
| 041 |
|
|
|a slo
|
| 044 |
|
|
|a xo
|c SK
|
| 080 |
|
|
|a 061.25-051
|2 1997
|
| 080 |
|
|
|a 07-051
|2 1997
|
| 100 |
1 |
|
|a Mišák, Peter,
|d 1950-
|4 aut
|9 106471
|
| 245 |
1 |
0 |
|a Ľudovít Mišík
|b kto je kto
|c Peter Mišák
|
| 300 |
|
|
|b Fotogr.
|
| 600 |
1 |
7 |
|a Mišík, Ľudovít,
|d 1922-
|2 snkbucl
|9 842915
|
| 773 |
0 |
|
|t Slovenské národné noviny
|g Roč. 18 (22), č. 13 (2007), s. 7
|x 0862-8823
|
| 852 |
|
|
|a SNK
|b KIS3GCP
|
| 958 |
|
|
|a BX
|
| 999 |
|
|
|c 1752319
|d 1754249
|